Discrete mathematics for computer scientists and mathematicians (Record no. 818421)

MARC details
000 -LEADER
fixed length control field 00730nam a2200229Ia 4500
008 - FIXED-LENGTH DATA ELEMENTS--GENERAL INFORMATION
fixed length control field 101110s9999 xx 000 0 und d
041 ## - LANGUAGE CODE
Language code of text/sound track or separate title ENGLISH
082 ## - DEWEY DECIMAL CLASSIFICATION NUMBER
Item number SR25812
100 ## - MAIN ENTRY--PERSONAL NAME
Personal name Matt Joe L., Kandel Abraham and Baker Theodore P,
245 ## - TITLE STATEMENT
Title Discrete mathematics for computer scientists and mathematicians
260 ## - PUBLICATION, DISTRIBUTION, ETC. (IMPRINT)
Date of publication, distribution, etc 2003
Name of publisher, distributor, etc Prentice Hall of India, New delhi
300 ## - PHYSICAL DESCRIPTION
Extent 751
365 ## - TRADE PRICE
Price amount 250
520 ## - SUMMARY, ETC.
Summary, etc Computer
520 ## - SUMMARY, ETC.
Summary, etc Sent to Computer Dept.,dt.30/7/04
546 ## - LANGUAGE NOTE
Language note ENGLISH
630 ## - SUBJECT ADDED ENTRY--UNIFORM TITLE
Uniform title Discrete mathematics for computer scientists and mathematicians
650 ## - SUBJECT ADDED ENTRY--TOPICAL TERM
Topical term or geographic name as entry element Computer
655 ## - INDEX TERM--GENRE/FORM
Genre/form data or focus term Computer
730 ## - ADDED ENTRY--UNIFORM TITLE
Uniform title Discrete mathematics for computer scientists and mathematicians
942 ## - ADDED ENTRY ELEMENTS (KOHA)
Koha item type Book
Holdings
Withdrawn status Lost status Damaged status Not for loan Home library Current library Date acquired Source of acquisition Cost, normal purchase price Shelving control number Total Checkouts Barcode Date last seen Price effective from Koha item type
        D. B. J. College, Chiplun D. B. J. College, Chiplun   Prashant Book Depo, Chiplun,bill 154,dt.26-7-04 250.00     DBJSR25812 11/11/2010 11/11/2010 Book